[Event "British Chess Championships 2023: British Championship"]
[Site "The Venue, De Montfort University, 20 Western Boulevard, Leicester, LE2 7BU"]
[Date "2023.07.28"]
[Round "7"]
[Board "5"]
[White "Turner, Max N"]
[Black "Pert, Richard G"]
[Result "1/2-1/2"]
[WhiteElo "2252"]
[BlackElo "2421"]
[PlyCount "0"]
[EventDate "2023.07.22"]
[EventRounds "9"]
[EventCountry "ENG"]

1. d4 e6 2. c4 f5 3. Nf3 Nf6 4. g3 Be7 5. Bg2 O-O 6. O-O d6 7. Nc3 Ne4 8. Qc2 Nxc3
9. Qxc3 a5 10. Rd1 Bf6 11. Qc2 Nc6 12. a3 Qe7 13. d5 Nd8 14. dxe6 Nxe6 15. Be3 a4
16. Nd4 Nxd4 17. Bxd4 c6 18. e3 Be6 19. Bxf6 Rxf6 20. Rd4 Bf7 21. Rad1 Qe5 22. c5
Bb3 23. Qd2 Bxd1 24. Qxd1 Qxc5 25. h4 d5 26. Kh2 Qa5 27. Qc2 b5 28. Bh3 Raf8 29.
Rf4 g6 30. Bg2 Qd8 31. Qc5 Qd6 32. Qa7 Qe5 33. Rd4 R8f7 34. Qa8+ Kg7 35. Qd8 Qe7
36. Qa5 Qc7 37. Qc3 Re7 38. Qd2 Qe5 39. Qc3 h6 40. Qd2 g5 41. Qb4 f4 42. exf4 gxf4
43. gxf4 Qe1 44. Qc5 Kf8 45. Rd3 Qe6 46. Qc3 Qd6 47. Rf3 Rg7 48. Kg1 Rxf4 49. Rxf4+
Qxf4 50. Qxc6 d4 51. Qc8+ Kf7 52. Kf1 Qe5 53. h5 Rg5 54. Qd7+ Kf8 55. Qd8+ Kg7 56.
Qd7+ Kh8 57. Qc6 b4 58. Qxh6+ Kg8 59. Qc6 Qb5+ 60. Qxb5 Rxb5 61. Bc6 Rc5 62. Bxa4
bxa3 63. bxa3 Rc3 64. Ke2 Kg7 65. Be8 Rxa3 66. Bg6 Kf6 67. Kd2 Rh3 68. Ke2 Kg5 69.
Kd2 Kf4 70. Ke2 Rh4 71. Kd3 Kf3 72. h6 Rxh6 73. Be4 Kxf2 74. Kxd4 Kg3 75. Bd3 Kf4
76. Kc3 Ke3 77. Bf5 Rc6+ 78. Kb2 Kd2 79. Bb1 Rb6+ 80. Ka1 Kc3 81. Bf5 Kb3 82. Be4
Rb4 83. Bd5+ Kc2 84. Be6 Rb5 85. Bf7 Rb6 86. Bd5 Rb5 87. Be4+ Kb3 88. Bg6 Rg5 89.
Bf7+ Kc2 90. Be6 Rb5 91. Bf7 Rb6 92. Bd5 Rb1+ 93. Ka2 Rb5 94. Be4 Kc3 95. Bg6 Rg5
96. Be4 Ra5+ 97. Kb1 Kb3 98. Bc2+ Ka3 99. Kc1 Rd5 100. Be4 Rd6 101. Kc2 Kb4 102.
Bd3 Rf6 103. Kd2 Kc5 104. Ke3 Re6+ 105. Be4 Kc4 106. Kf4 Kd4 107. Bf5 Rf6 108. Kg5
Ke5 109. Bc2 Rf2 110. Bb3 Rg2 111. Kh6 Kf6 112. Kh7 Rg7+ 113. Kh8 Rd7 114. Bc4 Kg6
115. Bb3 Rc7 116. Bd5 Rc8+ 117. Bg8 Kf6 118. Kh7 Rc7+ 119. Kh8 Kg6 120. Bd5 Rc5 121.
Be4+ Kf7 122. Bd3 Rc3 123. Bf5 Rf3 124. Be4 Rg3 125. Bd5+ Kf6  1/2-1/2

[Event "British Chess Championships 2023: British Championship"]
[Site "The Venue, De Montfort University, 20 Western Boulevard, Leicester, LE2 7BU"]
[Date "2023.07.28"]
[Round "7"]
[Board "6"]
[White "Willow, Jonah B"]
[Black "Claridge-Hansen, William"]
[Result "1/2-1/2"]
[WhiteElo "2421"]
[BlackElo "2332"]
[PlyCount "0"]
[EventDate "2023.07.22"]
[EventRounds "9"]
[EventCountry "ENG"]

1. e4 c6 2. d4 d5 3. f3 e6 4. Nc3 Bb4 5. Bd2 Ne7 6. Nce2 Bxd2+ 7. Qxd2 b6 8. O-O-O
Ba6 9. h4 Nd7 10. Kb1 Qc7 11. Qg5 Rg8 12. Nh3 h6 13. Qe3 Bxe2 14. Bxe2 b5 15. Nf4
Rb8 16. g4 b4 17. g5 hxg5 18. hxg5 g6 19. Rh7 Nb6 20. Rdh1 Na4 21. Nd3 Rf8 22. Ne5
Qa5 23. Rxf7 Nc3+ 24. bxc3 bxc3+ 25. Ka1 Rxf7 26. Rh8+ Rf8 27. Rxf8+ Kxf8 28. Qf4+
Kg8 29. Qf7+ Kh8 30. Qf6+ Kg8 31. Qxe6+ Kh8 32. Qf6+ Kg8 33. Qf7+ Kh8 34. Qf6+ Kg8
35. Qf7+ Kh8 36. Qf6+  1/2-1/2

[Event "British Chess Championships 2023: British Championship"]
[Site "The Venue, De Montfort University, 20 Western Boulevard, Leicester, LE2 7BU"]
[Date "2023.07.28"]
[Round "7"]
[Board "7"]
[White "Toma, Katarzyna"]
[Black "Han, Yichen"]
[Result "0-1"]
[WhiteElo "2259"]
[BlackElo "2413"]
[PlyCount "0"]
[EventDate "2023.07.22"]
[EventRounds "9"]
[EventCountry "ENG"]

1. e4 c5 2. Nf3 e6 3. d3 Nc6 4. g3 Nf6 5. Bg2 Be7 6. O-O d5 7. Nbd2 O-O 8. Re1 Qc7
9. e5 Nd7 10. Qe2 b5 11. h4 Bb7 12. h5 Rfc8 13. h6 g6 14. c3 a5 15. Nf1 b4 16. N1h2
a4 17. a3 bxa3 18. bxa3 Ba6 19. Ng4 Rab8 20. Ng5 Qd8 21. Nh3 Nf8 22. Bf4 Rb3 23.
Qd2 Rcb8 24. Bg5 Nd7 25. Bf1 Qf8 26. Bxe7 Nxe7 27. c4 Bb7 28. Bg2 Nf5 29. cxd5 Bxd5
30. Bxd5 exd5 31. Ng5 Nd4 32. Ra2 f6 33. exf6 Nxf6 34. Ne5 Qxh6 35. Qf4 Rb1 36. Nef3
Rxe1+ 37. Nxe1 Rb1 38. Qd2 Qxg5  0-1

[Event "British Chess Championships 2023: British Championship"]
[Site "The Venue, De Montfort University, 20 Western Boulevard, Leicester, LE2 7BU"]
[Date "2023.07.28"]
[Round "7"]
[Board "8"]
[White "Jackson, James P"]
[Black "Jones, Steven A"]
[Result "1/2-1/2"]
[WhiteElo "2390"]
[BlackElo "2175"]
[PlyCount "0"]
[EventDate "2023.07.22"]
[EventRounds "9"]
[EventCountry "ENG"]

1. e4 c5 2. Nf3 Nc6 3. Bb5 Nf6 4. Nc3 Qc7 5. O-O Nd4 6. Re1 a6 7. Bf1 Ng4 8. g3 Nxf3+
9. Qxf3 Ne5 10. Qd1 e6 11. Bg2 d6 12. d3 Be7 13. b3 O-O 14. Bb2 Bf6 15. Qc1 Nc6 16.
Nd1 Bxb2 17. Qxb2 b5 18. a3 c4 19. dxc4 bxc4 20. b4 Rb8 21. Qc3 a5 22. bxa5 Nxa5
23. Ne3 Qc5 24. Red1 Ba6 25. Qd4 Qxd4 26. Rxd4 Rb6 27. Rad1 Rd8 28. Bf1 Kf8 29. f4
f6 30. f5 e5 31. Rd5 Nb7 32. Bxc4 Bxc4 33. Nxc4 Rc6 34. Na5 Nxa5 35. Rxa5 Rxc2 36.
Ra7 Rb8 37. Rd7 Ra2 38. R1xd6 Rb1+ 39. Rd1 Rxd1+ 40. Rxd1 Rxa3 41. Rd7 Ra4 42. Rb7
h6 43. Rb8+ Kf7 44. Rb7+ Kg8 45. Kg2 Rxe4 46. Kf3 Ra4 47. h3 h5 48. h4 Ra3+ 49. Kf2
Ra6 50. Kf3 Kh7 51. Rc7 Kh6 52. Rc8 g6 53. fxg6 Kxg6 54. Rc3 Ra2 55. Rb3 Kf5 56.
Rb4 Ra3+ 57. Kf2 Rd3 58. Kg2 Rd4 59. Rb8 Rd2+ 60. Kf3 Rd3+ 61. Kg2 Ke4 62. Rh8 Rd2+
63. Kh3 Rd6 64. Rxh5 Kd3 65. Kg4 e4 66. Ra5 Re6 67. Ra3+ Kd2 68. Kf5 Re8 69. h5 Re5+
70. Kxf6 Rxh5 71. g4 Rc5 72. g5 e3 73. g6 e2 74. Ra2+ Rc2 75. Rxc2+ Kxc2  1/2-1/2

[Event "British Chess Championships 2023: British Championship"]
[Site "The Venue, De Montfort University, 20 Western Boulevard, Leicester, LE2 7BU"]
[Date "2023.07.28"]
[Round "7"]
[Board "9"]
[White "Ashton, Adam G"]
[Black "Chopra, Tanmay"]
[Result "1/2-1/2"]
[WhiteElo "2314"]
[BlackElo "2377"]
[PlyCount "0"]
[EventDate "2023.07.22"]
[EventRounds "9"]
[EventCountry "ENG"]

1. e4 c5 2. Nf3 d6 3. d4 cxd4 4. Nxd4 Nf6 5. Nc3 a6 6. h3 e5 7. Nf3 Be7 8. g4 h6
9. Rg1 Nbd7 10. g5 hxg5 11. Nxg5 Qc7 12. Qf3 Rf8 13. Be3 Nb6 14. O-O-O Nc4 15. Bxc4
Qxc4 16. Kb1 Bd7 17. Qg2 O-O-O 18. Nh7 Nxh7 19. Nd5 Kb8 20. b3 Qe2 21. Nxe7 Qh5 22.
Qxg7 Be6 23. Qh6 Qxh6 24. Bxh6 Rfe8 25. Nd5 f5 26. Rg7 Rd7 27. Rxd7 Bxd7 28. exf5
Bxf5 29. h4 Re6 30. Bc1 Nf6 31. Nxf6 Rxf6 32. Bg5 Rg6 33. Kb2 Kc7 34. c4 Kc6 35.
Kc3 b5 36. Kb4 bxc4 37. bxc4 Rg7 38. Kc3 Be6 39. Rb1 Rc7 40. Rb8 d5 41. cxd5+ Kxd5+
 1/2-1/2

[Event "British Chess Championships 2023: British Championship"]
[Site "The Venue, De Montfort University, 20 Western Boulevard, Leicester, LE2 7BU"]
[Date "2023.07.28"]
[Round "7"]
[Board "10"]
[White "Rudd, Jack"]
[Black "Pigott, John C"]
[Result "1/2-1/2"]
[WhiteElo "2276"]
[BlackElo "2347"]
[PlyCount "0"]
[EventDate "2023.07.22"]
[EventRounds "9"]
[EventCountry "ENG"]

1. d4 Nf6 2. c4 e6 3. Nc3 Bb4 4. e3 O-O 5. Bd3 d5 6. Nf3 dxc4 7. Bxc4 c5 8. O-O cxd4
9. exd4 b6 10. Bg5 h6 11. Bh4 Bb7 12. Ne5 Nbd7 13. Qe2 Nxe5 14. dxe5 Qd4 15. Bg3
Bxc3 16. bxc3 Qe4 17. f3 Qxe2 18. Bxe2 Nh5 19. Rfd1 Nxg3 20. hxg3 Rfc8  1/2-1/2

[Event "British Chess Championships 2023: British Championship"]
[Site "The Venue, De Montfort University, 20 Western Boulevard, Leicester, LE2 7BU"]
[Date "2023.07.28"]
[Round "7"]
[Board "11"]
[White "Kanyamarala, Tarun"]
[Black "Boswell, Jacob Connor"]
[Result "1-0"]
[WhiteElo "2344"]
[BlackElo "2163"]
[PlyCount "0"]
[EventDate "2023.07.22"]
[EventRounds "9"]
[EventCountry "ENG"]

1. d4 Nf6 2. c4 g6 3. Nf3 Bg7 4. Nc3 O-O 5. Bg5 d6 6. e3 h6 7. Bh4 c5 8. Be2 Bf5
9. O-O Qd7 10. h3 g5 11. Bg3 Ne4 12. Nxe4 Bxe4 13. Nd2 Bg6 14. Nb3 cxd4 15. exd4
a5 16. a4 Nc6 17. Qd2 Qf5 18. Rac1 Nb4 19. Rc3 Qd7 20. f4 Bf6 21. fxg5 Bxg5 22. Bf4
Qf5 23. Rg3 Qc2 24. Qe3 Bxf4 25. Rxf4 Kg7 26. h4 e5 27. dxe5 Rae8 28. Nd4 Qb1+ 29.
Rf1 Qxb2 30. Nf5+ Kg8 31. Qxh6 Qxe5 32. h5 Qh8 33. Rxg6+ fxg6 34. Qxg6+ Qg7 35. Qxg7#
 1-0

[Event "British Chess Championships 2023: British Championship"]
[Site "The Venue, De Montfort University, 20 Western Boulevard, Leicester, LE2 7BU"]
[Date "2023.07.28"]
[Round "7"]
[Board "12"]
[White "Derakhshani, Borna"]
[Black "Smith, Olivia"]
[Result "1-0"]
[WhiteElo "2341"]
[BlackElo "2042"]
[PlyCount "0"]
[EventDate "2023.07.22"]
[EventRounds "9"]
[EventCountry "ENG"]

1. Nf3 d5 2. d4 c5 3. e3 cxd4 4. exd4 Nc6 5. Bd3 Bg4 6. c3 e6 7. Bf4 Bd6 8. Bg3 Nf6
9. Nbd2 Qc7 10. Qc2 O-O-O 11. O-O-O Kb8 12. Kb1 Rhe8 13. Rde1 Bh5 14. Qa4 Bxg3 15.
hxg3 Bg6 16. Bxg6 hxg6 17. Ne5 Nxe5 18. dxe5 Nd7 19. Qd4 Rh8 20. f4 Nb6 21. Rhf1
Nc4 22. Nb3 Qb6 23. Qxb6 Nxb6 24. Nd4 Rh2 25. Rf2 Rdh8 26. Nf3 Rh1 27. Rfe2 Kc7 28.
Ng5 Rxe1+ 29. Rxe1 Rf8 30. Rh1 Kd7 31. Rh7 Nc4 32. Rxg7 Ke7 33. Rh7 Ne3 34. Kc1 a6
35. Rh3 Nc4 36. b3 Na5 37. Kc2 Nc6 38. Kd3 Rc8 39. Rh7 Nd8 40. Rh8 b5 41. Nh7 Kd7
42. Nf6+ Kc6 43. Rf8 a5 44. a3 Ra8 45. g4 Rc8 46. g5 Ra8 47. Re8 Rb8 48. g3 Rc8 49.
Kd4 Kb6 50. Kd3 Kc6 51. g4 b4 52. axb4 axb4 53. c4 dxc4+ 54. Kxc4 Rb8 55. Rh8 Kc7
56. Ne8+ Kd7 57. Nd6 Ke7 58. Rh3 Nc6 59. Kc5 Nd8 60. Nb5 Rc8+ 61. Kxb4 Rc1 62. Rc3
Rf1 63. Rc7+ Kf8 64. Rc4 Ke7 65. Nd6 Kd7 66. Kb5 Rd1 67. Kb6  1-0

[Event "British Chess Championships 2023: British Championship"]
[Site "The Venue, De Montfort University, 20 Western Boulevard, Leicester, LE2 7BU"]
[Date "2023.07.28"]
[Round "7"]
[Board "13"]
[White "Villiers, Thomas"]
[Black "Balaji, Aaravamudhan"]
[Result "1-0"]
[WhiteElo "2140"]
[BlackElo "2334"]
[PlyCount "0"]
[EventDate "2023.07.22"]
[EventRounds "9"]
[EventCountry "ENG"]

1. d4 g6 2. Nf3 Bg7 3. Nbd2 d6 4. e3 Nf6 5. Be2 O-O 6. b3 c5 7. Bb2 Nc6 8. O-O Qc7
9. c4 e5 10. d5 Ne7 11. Qc2 Ne8 12. Ne1 h6 13. Nd3 h5 14. e4 h4 15. f4 f5 16. fxe5
dxe5 17. Bf3 Nd6 18. Bxe5 Bxe5 19. Nxe5 g5 20. exf5 Ndxf5 21. Rae1 Nd4 22. Qd3 Qd6
23. Qe3 Rf4 24. Nd3 Rf7 25. Ne4 Qh6 26. Qxg5+ Qxg5 27. Nxg5 Rg7 28. d6 Nxf3+ 29.
Rxf3 Rxg5 30. dxe7 Bd7 31. Nf4 Rf5 32. Nd5 Rxf3 33. gxf3 Kf7 34. Kf2 Rg8 35. Re4
h3 36. Rf4+ Ke6 37. Rf6+ Ke5 38. Ke3 a5 39. f4#  1-0

[Event "British Chess Championships 2023: British Championship"]
[Site "The Venue, De Montfort University, 20 Western Boulevard, Leicester, LE2 7BU"]
[Date "2023.07.28"]
[Round "7"]
[Board "14"]
[White "Yao, Lan"]
[Black "Bates, Richard A"]
[Result "1/2-1/2"]
[WhiteElo "2242"]
[BlackElo "2324"]
[PlyCount "0"]
[EventDate "2023.07.22"]
[EventRounds "9"]
[EventCountry "ENG"]

1. e4 c5 2. Nf3 d6 3. d4 cxd4 4. Nxd4 Nf6 5. Nc3 a6 6. Bg5 e6 7. f4 Qc7 8. Bxf6 gxf6
9. Qd2 b5 10. O-O-O Nd7 11. Bd3 Nc5 12. Kb1 b4 13. Nce2 Rb8 14. Ng3 Be7 15. f5 e5
16. Nb3 h5 17. Nxc5 Qxc5 18. h4 a5 19. Qe2 Bd7 20. Nxh5 a4 21. g4 a3 22. Bc4 axb2
23. Rd5 Qa7 24. Rhd1 Rc8 25. Qd3 Qc7 26. Bb5 Bxb5 27. Rxb5 Qc3 28. Rb7 Qxd3 29. Rxd3
Rg8 30. Rg3 Bd8 31. Kxb2 Rc4 32. Rb8 Ke7 33. g5 fxg5 34. hxg5 Rh8 35. Nf6 Rh2 36.
Nd5+ Kd7 37. Ne3 Rc3 38. Rxb4 Rhxc2+ 39. Nxc2 Rxg3 40. Rb7+ Kc6 41. Rxf7 Bxg5 42.
Rf8 Bd2 43. Rc8+ Kd7 44. Rc4 d5 45. exd5 Rf3 46. Na3 Rxf5 47. Rc2 Be3 48. Kc3 Bc5
49. Nb5 Rf4 50. Rh2 Ra4 51. Rh7+ Kd8 52. Nc7 Bd6 53. Ne6+ Kc8 54. Rh2 Kd7 55. Rg2
Kc8 56. Rb2 Kd7 57. Rb7+ Kc8 58. Rb6 Kd7 59. Kb3 Ra3+ 60. Kc4 Rxa2 61. Rb7+ Kc8 62.
Rh7 Rb2 63. Rh8+ Kd7 64. Rh7+ Kc8 65. Rh8+ Kd7 66. Rh7+  1/2-1/2

[Event "British Chess Championships 2023: British Championship"]
[Site "The Venue, De Montfort University, 20 Western Boulevard, Leicester, LE2 7BU"]
[Date "2023.07.28"]
[Round "7"]
[Board "15"]
[White "Stoica, Savas Marin"]
[Black "Gasanov, Eldar"]
[Result "0-1"]
[WhiteElo "2156"]
[BlackElo "2481"]
[PlyCount "0"]
[EventDate "2023.07.22"]
[EventRounds "9"]
[EventCountry "ENG"]

1. d4 Nf6 2. c4 e6 3. Nc3 d5 4. cxd5 exd5 5. Bg5 c6 6. e3 Bd6 7. Bd3 O-O 8. Nge2
Re8 9. h3 Nbd7 10. O-O Nf8 11. Bh4 Ng6 12. Bg3 Nh5 13. Bxd6 Qxd6 14. Qc2 Nh4 15.
g3 Bxh3 16. gxh4 Qf6 17. Kh2 Qxh4 18. Ng1 Bxf1+ 19. Nh3 Qxh3+ 20. Kg1 Qg2#  0-1

[Event "British Chess Championships 2023: British Championship"]
[Site "The Venue, De Montfort University, 20 Western Boulevard, Leicester, LE2 7BU"]
[Date "2023.07.28"]
[Round "7"]
[Board "16"]
[White "Eggleston, David J"]
[Black "Merriman, James"]
[Result "1-0"]
[WhiteElo "2358"]
[BlackElo "2067"]
[PlyCount "0"]
[EventDate "2023.07.22"]
[EventRounds "9"]
[EventCountry "ENG"]

1. e4 e6 2. d4 d5 3. Nc3 Nf6 4. e5 Nfd7 5. f4 c5 6. Nf3 Nc6 7. Be3 Be7 8. Qd2 b6
9. Bb5 Qc7 10. O-O Bb7 11. Ne2 O-O 12. c3 f5 13. exf6 Nxf6 14. Ng3 Ng4 15. Rae1 a6
16. Bd3 Rae8 17. Ne2 Bd6 18. g3 c4 19. Bc2 b5 20. h3 Nf6 21. g4 Ne7 22. Ng3 Ng6 23.
Bxg6 hxg6 24. Ng5 Ne4 25. N3xe4 dxe4 26. Qf2 Be7 27. Nxe6 Qb8 28. Nxf8 Rxf8 29. d5
Bxd5 30. Rd1 Bc6 31. Ba7 Qc7 32. Qb6 Qc8 33. Qe3 Qc7 34. Bb6 Qb8 35. Rd2 Bd6 36.
Rdf2 g5 37. f5 Bf4 38. Rxf4 gxf4 39. Rxf4 Qd6 40. Bd4 Qh6 41. Kh2 Qd6 42. Kg2 Qd5
43. Rf1 Rf7 44. h4 Kf8 45. h5 Ke8 46. Rh1 b4 47. h6 gxh6 48. Rxh6 bxc3 49. bxc3 Rb7
50. Kg3 Rf7 51. Qg5 Kd7 52. Qg6 Re7 53. Qxc6+ Qxc6 54. Rxc6 Kxc6 55. f6 Rc7 56. g5
Kd7 57. g6 Ke8 58. Kf4 Kf8 59. Kxe4 a5 60. a4 Rc6  1-0

[Event "British Chess Championships 2023: British Championship"]
[Site "The Venue, De Montfort University, 20 Western Boulevard, Leicester, LE2 7BU"]
[Date "2023.07.28"]
[Round "7"]
[Board "17"]
[White "Kanyamarala, Trisha"]
[Black "Mitra, Roman C"]
[Result "0-1"]
[WhiteElo "2344"]
[BlackElo "2171"]
[PlyCount "0"]
[EventDate "2023.07.22"]
[EventRounds "9"]
[EventCountry "ENG"]

1. d4 Nf6 2. c4 e6 3. Nc3 Bb4 4. e3 b6 5. Nge2 Ba6 6. a3 Be7 7. Nf4 Bb7 8. d5 e5
9. Nd3 d6 10. e4 a5 11. Rb1 Ba6 12. b3 a4 13. Be2 O-O 14. O-O axb3 15. Qxb3 Nfd7
16. Nd1 Bg5 17. Ne3 g6 18. g3 Qe8 19. Qc2 Bc8 20. h4 Bh6 21. Bg4 Na6 22. h5 Nac5
23. Nxc5 Nxc5 24. Bxc8 Rxc8 25. Kg2 Qa4 26. Qe2 Nxe4 27. Nf5 gxf5 28. Bxh6 Rfe8 29.
Qf3 Qd7 30. g4 Kh8 31. gxf5 Rg8+ 32. Kh1 Ng5 33. Qg4 f6 34. Rg1 Qf7 35. Rg2 Ra8 36.
Rbg1 Rxa3 37. Rg3 Rxg3 38. Rxg3 b5 39. Qh4 bxc4 40. Bxg5 Qxd5+ 41. Kh2 fxg5 42. Rxg5
Rf8 43. h6 Qf7 44. f3 Qf6 45. Qh5 d5 46. f4 exf4 47. Qh4 f3 48. Qf4 Qxh6+ 49. Kg3
Qxg5+ 50. Qxg5 Rg8  0-1

[Event "British Chess Championships 2023: British Championship"]
[Site "The Venue, De Montfort University, 20 Western Boulevard, Leicester, LE2 7BU"]
[Date "2023.07.28"]
[Round "7"]
[Board "18"]
[White "Jackson, Edward"]
[Black "Merriman, John"]
[Result "1-0"]
[WhiteElo "1942"]
[BlackElo "2274"]
[PlyCount "0"]
[EventDate "2023.07.22"]
[EventRounds "9"]
[EventCountry "ENG"]

1. e4 e6 2. d4 d5 3. Nd2 Be7 4. e5 c5 5. c3 Nc6 6. Bd3 Bd7 7. Ndf3 Qc7 8. Ne2 f6
9. Bf4 Qb6 10. O-O cxd4 11. Nexd4 f5 12. b4 Rc8 13. Qb3 Nxd4 14. Nxd4 a6 15. Rac1
Nh6 16. Bxh6 gxh6 17. Qd1 O-O 18. Qh5 Bg5 19. Rc2 Rc7 20. Kh1 Ba4 21. Nb3 Rfc8 22.
h4 Be8 23. Qf3 Bxh4 24. Nc5 Bg6 25. g4 Rf8 26. Rg1 f4 27. Bf5 exf5 28. Qxd5+ Kh8
29. Nd7 Rxd7 30. Qxd7 Bxf2 31. Rf1 Bg3 32. e6 fxg4 33. e7 Re8 34. Re2 f3 35. Re6
Qb5 36. Qd4+ Kg8 37. Kg1 Qh5 38. Re2 fxe2 39. Rf8+ Rxf8 40. Qh8+ Kf7 41. exf8=Q+
Ke6 42. Qhf6+ Kd5 43. Qc5+  1-0

[Event "British Chess Championships 2023: British Championship"]
[Site "The Venue, De Montfort University, 20 Western Boulevard, Leicester, LE2 7BU"]
[Date "2023.07.28"]
[Round "7"]
[Board "19"]
[White "Volovich, Julia"]
[Black "Khandelwal, Ankush"]
[Result "0-1"]
[WhiteElo "1811"]
[BlackElo "2276"]
[PlyCount "0"]
[EventDate "2023.07.22"]
[EventRounds "9"]
[EventCountry "ENG"]

1. d4 f5 2. Nf3 Nf6 3. g3 g6 4. Bg2 Bg7 5. O-O O-O 6. c4 d6 7. d5 Nbd7 8. Nc3 Ne5
9. Nxe5 dxe5 10. e4 f4 11. Bf3 g5 12. gxf4 gxf4 13. Kh1 Kh8 14. Rg1 Rg8 15. Bd2 Bh3
16. Qe2 Qd7 17. Bh5 Raf8 18. Qf3 a6 19. a4 Bh6 20. Ne2 Nxh5 21. Qxh5 Bg4 22. Qxh6
Bf3+ 23. Rg2 Rxg2 24. Ng1 Rxg1+ 25. Kxg1 Qg4+  0-1

[Event "British Chess Championships 2023: British Championship"]
[Site "The Venue, De Montfort University, 20 Western Boulevard, Leicester, LE2 7BU"]
[Date "2023.07.28"]
[Round "7"]
[Board "20"]
[White "Kolbus, Dietmar"]
[Black "Chan, Sheng Liang Bernard"]
[Result "0-1"]
[WhiteElo "2270"]
[BlackElo "2078"]
[PlyCount "0"]
[EventDate "2023.07.22"]
[EventRounds "9"]
[EventCountry "ENG"]

1. c4 Nf6 2. Nc3 c5 3. Nf3 Nc6 4. g3 g6 5. Bg2 Bg7 6. O-O O-O 7. d4 cxd4 8. Nxd4
a6 9. c5 e5 10. Nb3 b6 11. Bg5 bxc5 12. Bxc6 dxc6 13. Qxd8 Rxd8 14. Ne4 Nxe4 15.
Bxd8 Be6 16. Rfd1 c4 17. Na5 c3 18. bxc3 Nxc3 19. Rd2 Bd5 20. Be7 e4 21. Rf1 e3 22.
fxe3 Re8 23. Bb4 Rxe3 24. a3 Ne4 25. Rd3 Rxd3  0-1

[Event "British Chess Championships 2023: British Championship"]
[Site "The Venue, De Montfort University, 20 Western Boulevard, Leicester, LE2 7BU"]
[Date "2023.07.28"]
[Round "7"]
[Board "21"]
[White "Koiza, Peter"]
[Black "Beaumont, Chris R"]
[Result "0-1"]
[WhiteElo "1963"]
[BlackElo "2262"]
[PlyCount "0"]
[EventDate "2023.07.22"]
[EventRounds "9"]
[EventCountry "ENG"]

1. Nf3 g6 2. c4 c5 3. g3 Bg7 4. Bg2 Nc6 5. O-O d6 6. Nc3 Nf6 7. d4 O-O 8. b3 Bg4
9. d5 Nxd5 10. cxd5 Bxc3 11. Bh6 Bxf3 12. exf3 Bxa1 13. Bxf8 Nd4 14. Bh6 Bc3 15.
Qd3 Qa5 16. Qe4 Nf5 17. Bg5 Bf6 18. Bxf6 exf6 19. Bh3 Nd4 20. Qe7 Qd8 21. Qxb7 Rb8
22. Qd7 Qxd7 23. Bxd7 Nxf3+ 24. Kg2 Nd4 25. Re1 Kf8 26. Ba4 Nf5 27. Kf3 Ne7 28. Rd1
Rb4 29. a3 Rb6 30. Ke4 f5+ 31. Ke3 Ra6 32. f4 c4 33. Bb5 Rxa3 34. Bxc4 Nc8 35. Rd2
Nb6 36. Kd4 a5 37. Kc3 Ra1 38. Bb5 Rc1+ 39. Kd4 Rc5 40. Bc6 h5 41. Re2 Rc1 42. Kd3
Rd1+ 43. Kc2 Rd4 44. Kc3 Re4 45. Ra2 Re3+ 46. Kd4 Rxb3 47. Rxa5 Rb1 48. Rb5 Rxb5
49. Bxb5 Nc8 50. Bd7 Ne7 51. Ba4 Ng8 52. Bd1 Nf6 53. Bf3 Ke7 54. Bg2 Ng4 55. h3 Nf6
56. Bf3 Kd7 57. Be2 Kc7 58. Kc4 Kb6 59. Kd4 Ka5 60. Kc4 Ne4 61. g4 fxg4 62. hxg4
h4 63. Kd4 f5 64. Ke3 Kb4 65. Bf1 Kc5 66. gxf5 gxf5 67. Bh3 Ng3 68. Bg2 Kc4 69. Bf3
h3 70. Kf2 Ne4+ 71. Kg1 Kxd5 72. Kh2 Kd4 73. Kxh3 Ke3 74. Bxe4 Kxe4  0-1

[Event "British Chess Championships 2023: British Championship"]
[Site "The Venue, De Montfort University, 20 Western Boulevard, Leicester, LE2 7BU"]
[Date "2023.07.28"]
[Round "7"]
[Board "22"]
[White "Ismail, Mohammed Aayan"]
[Black "Khoury, Theo"]
[Result "1-0"]
[WhiteElo "2169"]
[BlackElo "2066"]
[PlyCount "0"]
[EventDate "2023.07.22"]
[EventRounds "9"]
[EventCountry "ENG"]

1. c4 e5 2. Nc3 Nf6 3. Nf3 Nc6 4. g3 d5 5. cxd5 Nxd5 6. d3 Bc5 7. Bg2 O-O 8. O-O
h6 9. Nxe5 Nxc3 10. bxc3 Nxe5 11. d4 Bd6 12. dxe5 Bxe5 13. Ba3 Qxd1 14. Rfxd1 Re8
15. Rac1 f5 16. Bd5+ Be6 17. Bxb7 Rab8 18. Bd5 Kf7 19. f4 Bxd5 20. Rxd5 Bd6 21. Bxd6
cxd6 22. Rc2 Ke6 23. Ra5 Rb7 24. Kf2 Reb8 25. h3 Rc7 26. Ra6 Rb6 27. Ra4 d5 28. Ra5
Rbc6 29. e3 Rc5 30. Ra3 Rb5 31. g4 a5 32. Ra4 Kf6 33. gxf5 Kxf5 34. Rd4 Rbc5 35.
Ke2 Rb7 36. Rcd2 Ke6 37. e4 dxe4 38. Rxe4+ Kf5 39. Re3 Kxf4 40. Rd4+ Kf5 41. Kd3
g5 42. Rd6 h5 43. Kd4  1-0

[Event "British Chess Championships 2023: British Championship"]
[Site "The Venue, De Montfort University, 20 Western Boulevard, Leicester, LE2 7BU"]
[Date "2023.07.28"]
[Round "7"]
[Board "23"]
[White "Mihalik, Agoston"]
[Black "Shaw, Peter"]
[Result "1-0"]
[WhiteElo "2136"]
[BlackElo "2066"]
[PlyCount "0"]
[EventDate "2023.07.22"]
[EventRounds "9"]
[EventCountry "ENG"]

1. e4 e6 2. d4 d5 3. Nd2 c5 4. Ngf3 cxd4 5. Nxd4 Nc6 6. Bb5 Bd7 7. Nxc6 bxc6 8. Bd3
Bd6 9. Qe2 Ne7 10. e5 Bc7 11. O-O Ng6 12. f4 O-O 13. Qh5 f5 14. Nf3 Bb6+ 15. Kh1
Ne7 16. Bd2 Qe8 17. Qh4 a5 18. h3 Ng6 19. Qe1 Qe7 20. Rc1 c5 21. c4 d4 22. Kh2 Bc6
23. Qe2 Qe8 24. Rg1 h6 25. Rcf1 Ne7 26. g4 g6 27. Nh4 Kh7 28. Rg3 Rg8 29. Rfg1 Qf7
30. Nf3 Bc7 31. Qf2 a4 32. Be2 Rab8 33. Bc1 Rbd8 34. Bd1 Rb8 35. R3g2 Rge8 36. Qh4
Kg7 37. gxf5 exf5 38. Qf2 Kh7 39. Rg3 Qxc4 40. Bc2 d3 41. Bxd3 Qd5 42. Qc2 Qe6 43.
Nh4 Rg8 44. Nxg6 Rxg6 45. Rxg6 Nxg6 46. Bxf5 Qd5 47. Bxg6+ Kh8 48. Qf5 Rxb2+ 49.
Bxb2 Qd2+ 50. Kg3 Qe3+ 51. Kh4 Bd8+ 52. Kh5 Bf3+ 53. Kxh6 Qxg1 54. Qf8#  1-0

[Event "British Chess Championships 2023: British Championship"]
[Site "The Venue, De Montfort University, 20 Western Boulevard, Leicester, LE2 7BU"]
[Date "2023.07.28"]
[Round "7"]
[Board "24"]
[White "Saunders, Aron"]
[Black "Szekely, Virgil"]
[Result "1-0"]
[WhiteElo "2113"]
[BlackElo "1957"]
[PlyCount "0"]
[EventDate "2023.07.22"]
[EventRounds "9"]
[EventCountry "ENG"]

1. e4 c6 2. d4 d5 3. e5 c5 4. dxc5 e6 5. a3 Bxc5 6. Nf3 f6 7. b4 Be7 8. Bb2 a5 9.
b5 Nd7 10. Nbd2 Nh6 11. Be2 Nf7 12. exf6 Bxf6 13. Bxf6 Qxf6 14. c4 Nc5 15. cxd5 exd5
16. O-O a4 17. Rc1 b6 18. Nb1 Bb7 19. Qd4 Qh6 20. Rcd1 O-O 21. Nc3 Rfd8 22. Rfe1
Qd6 23. Qb4 Ne4 24. Qxd6 Rxd6 25. Nxe4 dxe4 26. Nd2 Rg6 27. Nc4 Ng5 28. Ne5 Rf6 29.
Bc4+ Kh8 30. Rd7 Rf5 31. Re7 h5 32. h4 e3 33. Rxe3 Ne4 34. Nf7+ Rxf7 35. Bxf7 Nc5
36. Bg6 Bd5 37. R3e5 Be6 38. Rxh5+ Kg8 39. Rxc5 bxc5 40. Rxe6 Re8 41. Rxe8#  1-0